Debate en torno a la ética del discurso de Apel: diálogo filosófico norte-sur desde América Latina
Tallennettuna:
| Päätekijä: | |
|---|---|
| Aineistotyyppi: | Kirja |
| Kieli: | espanja |
| Julkaistu: |
Ciudad de México
Siglo XXI
1994
|
| Painos: | 1a. ed |
| Aiheet: | |
| Tagit: |
Lisää tagi
Ei tageja, Lisää ensimmäinen tagi!
|
MARC
| LEADER | 00000nam a2200000 a 4500 | ||
|---|---|---|---|
| 001 | UCG2802 | ||
| 003 | CL-VaPUC | ||
| 008 | 100723e19940000MX |||||||||||||||||spa|d | ||
| 020 | |a 9682318939 | ||
| 082 | 0 | 4 | |a 172 |b DUS |2 21 |
| 100 | 0 | |a Dussel, Enrique D |e author |9 551424 | |
| 245 | 1 | 0 | |a Debate en torno a la ética del discurso de Apel: diálogo filosófico norte-sur desde América Latina |
| 250 | |a 1a. ed | ||
| 300 | |a 312 p | ||
| 942 | |c BK | ||
| 945 | |d 20100723 00:00:00 |a mfarfan | ||
| 260 | |a Ciudad de México |b Siglo XXI |c 1994 | ||
| 650 | 0 | |a Etica política |9 255799 | |
| 650 | 0 | |a Valores morales |9 310604 | |
| 650 | 0 | |a Filosofía |9 223554 | |
| 583 | |a last modification |c 20111123 10:01:53 |k Rodrigo Vera | ||
| 999 | |c 341925 |d 341923 | ||
| 952 | |0 0 |1 0 |4 0 |6 172_000000000000000_DUS_1994 |7 0 |8 A |9 437771 |a FDOPOS |b FDOPOS |d 2019-11-22 |i 4697405 |o 172 DUS 1994 |p 4697405 |r 2025-01-22 |w 2019-11-22 |y BK |k DLH | ||